| 000 | 00685cam a22001815a 4500 | ||
|---|---|---|---|
| 001 | L156114 | ||
| 008 | 120430s1864 xxk f 000 0 eng d | ||
| 035 | _a(Sirsi) u156114 | ||
| 041 | 0 | _aeng | |
| 110 | 2 |
_aGreat Britain _bGeneral Register Office _96057 |
|
| 245 | 0 | 0 |
_aEnglish life table _btables of lifetimes, annuities, and premiums _cwith an introduction by William Farr ; published by authority of the Registrar-General of Births, Deaths and Marriages |
| 260 |
_aLondon _b[H.M.S.O.] _c1864 |
||
| 583 |
_aCondition reviewed _c20120620 _lcondition level 1 |
||
| 651 | 4 |
_aGreat Britain _y1707- |
|
| 690 | _aBusiness and management | ||
| 700 | 1 |
_aFarr, William _d1807-1883 |
|
| 942 | _n0 | ||
| 999 |
_c114042 _d114042 |
||